| 000 | 004340000a22001810004500 | ||
|---|---|---|---|
| 003 | MACL | ||
| 005 | 20160107121149.0 | ||
| 008 | 160107b xxu||||| |||| 00| 0 eng d | ||
| 040 |
_aMACL _cMACL |
||
| 041 | _aEnglish | ||
| 082 | _a782.009/MEN | ||
| 100 |
_aMenon, Raghava R. _929150 |
||
| 245 | _aK L Saigal | ||
| 260 |
_bClarion Books _c1978 _aDelhi |
||
| 350 | _a45 | ||
| 650 |
_aVocal Music _97542 |
||
| 942 |
_cBK _k782.009/Men _2ddc |
||
| 999 |
_c34100 _d34100 |
||